000 00844nam a2200277Ia 4500
003 GCL
008 140319s9999 xx 000 0 ara d
040 _aGCL /
_cGCL
082 0 4 _a361
_bج ع
100 1 _aجلال عبدالخالق
245 1 0 _aالعمل مع الحالات الفردية (1) , اسس ومبادىء /
_cجلال عبدالخالق
260 _a[S.N] :
_bالمكتب الجامعى الحديث ،
_c1989
300 _a375 ص
490 _a
650 0 4 _aخدمة الفرد
650 0 4 _aالمجتمع
650 0 4 _aالخدمة الاجتماعية
650 0 4 _aالاجتماع
650 0 4 _aالاشارات
650 0 4 _aخدمة الجماعة
650 0 4 _aالارشاد الاجتماعى
650 0 4 _aعناصر
650 0 4 _aعلاقات
650 0 4 _aعمليات
942 _2ddc
_cBK
999 _c28054
_d28054